| 000 | 00733nam a2200217 i 4500 | ||
|---|---|---|---|
| 001 | 112500 | ||
| 003 | ES-MaACL | ||
| 005 | 20251124112527.0 | ||
| 007 | t| | ||
| 008 | 061121s1917 sp r ||||1| spa d | ||
| 100 | 1 |
_aOrtega Rubio, Juan, _d1845-1921 _987490 |
|
| 245 | 1 | 0 |
_aHistoria de América desde sus tiempos más remotos hasta nuestros días / _cJuan Ortega y Rubio. |
| 260 |
_aMadrid : _bHernando, _c1917. |
||
| 300 |
_a3 v. ; _c24 cm. |
||
| 530 | _aDisponible en formato digital. | ||
| 651 | 4 |
_aAmérica- _xHistoria. _97703 |
|
| 852 |
_aES-MaACL _jC-1849-51 _cSPAL |
||
| 856 | 4 |
_uhttp://bdh-rd.bne.es/viewer.vm?id=0000006635&page=1 _y(Biblioteca Digital Hispánica) |
|
| 942 | _2udc | ||
| 999 |
_c112500 _d112500 |
||